| 000 | 00999njm a2200277 a 4500 | ||
|---|---|---|---|
| 003 | BLK | ||
| 005 | 20241219092849.0 | ||
| 007 | sd bmmalaaahaa | ||
| 008 | 221104b bu |||||s|||| 00| | bu d | ||
| 028 | _azk 74-75 | ||
| 040 | _aBLK | ||
| 041 |
_aENG _cENG |
||
| 080 |
_aКонцерт за цигулка, пиано и оркестър _b785.6:787.1:786.2 _x(086.72) _z785.6:787.1:786.2(086.72) |
||
| 100 | 1 |
_913232 _aHolst, Gustav |
|
| 245 |
_aMusic for Voices _cGustav Holst; English chamber orchestra; cond. Imogen Holst |
||
| 260 |
_aLondon _bArgo Record _c1979 _9496567 |
||
| 300 |
_a2 грамофонни плочи _b33 об/мин, ; стерео _c30 см |
||
| 380 | _a7 | ||
| 500 | _aПлоча 1 Two Carols | ||
| 500 | _aПлоча 2 Twelve Songs, OP 43 | ||
| 653 |
_9187699 _aинструментална музика |
||
| 852 |
_aФ ІІ 8478 _bЦб |
||
| 856 |
_i0.00 _ldisable |
||
| 942 |
_cGPL _n0 |
||
| 944 |
_cВася Ганчева _lВася Ганчева _k30549 _a30549 |
||
| 999 |
_c524068 _d524068 |
||